| 000 | 01377cam a2200361 a 4500 | ||
|---|---|---|---|
| 999 |
_c232606 _d232606 |
||
| 001 | 2333766 | ||
| 003 | Nust | ||
| 005 | 20170221122842.0 | ||
| 008 | 821214s1983 nyu b s000 1 eng | ||
| 010 | _a 82024541 | ||
| 020 |
_a9780142437261 (pbk.) : _c$2.25 |
||
| 040 |
_aDLC _cDLC _dDLC |
||
| 050 | 1 | 0 |
_aPS1868 _b.A1 1983 |
| 082 | 0 | 0 |
_a813.3 _bHAW |
| 100 | 1 |
_aHawthorne, Nathaniel, _d1804-1864. |
|
| 245 | 1 | 4 |
_aThe scarlet letter : _ba romance / _cNathaniel Hawthorne ; with an introduction by Nina Baym and notes by Thomas E. Connolly. |
| 260 |
_aNew York, N.Y. : _bPenguin Books, _c1983. |
||
| 300 |
_a238 p. ; _c18 cm. |
||
| 440 | 4 | _aThe Penguin American library | |
| 500 | _aThe text is that of the Centenary ed. of the works of Nathaniel Hawthorne published by Ohio State University Press. | ||
| 504 | _aBibliography: p. 25-[26] | ||
| 650 | 0 |
_aTriangles (Interpersonal relations) _vFiction. |
|
| 650 | 0 |
_aIllegitimate children _vFiction. |
|
| 650 | 0 |
_aWomen immigrants _vFiction. |
|
| 650 | 0 |
_aMarried women _vFiction. |
|
| 650 | 0 |
_aPuritans _vFiction. |
|
| 650 | 0 |
_aAdultery _vFiction. |
|
| 650 | 0 |
_aRevenge _vFiction. |
|
| 650 | 0 |
_aClergy _vFiction. |
|
| 651 | 0 |
_aBoston (Mass.) _xHistory _yColonial period, ca. 1600-1775 _vFiction. |
|
| 655 | 7 |
_aPsychological fiction. _2lcsh |
|
| 655 | 7 |
_aHistorical fiction. _2gsafd |
|
| 906 |
_a7 _bcbc _corignew _d1 _eocip _f19 _gy-gencatlg |
||
| 942 |
_2ddc _cBK |
||